000 00995cam a22002893a 4500
001 405
003 PGUSA
005 20140828082948.0
008 960101s1996||||xxu|||||s|||||000 | eng d
040 _aPGUSA
_beng
042 _adc
050 4 _aPS
100 1 _aDavis, Richard Harding,
_d1864-1916
245 1 0 _aAdventures and Letters of Richard Harding Davis
_h[electronic resource] /
_cRichard Harding Davis
260 _bProject Gutenberg,
_c1996
506 _aPublic domain in the USA.
516 _aElectronic text
653 _aDavis, Richard Harding, 1864-1916
653 _aAuthors, American -- 19th century -- Biography
653 _aAuthors, American -- 19th century -- Correspondence
653 _aForeign correspondents -- United States -- Biography
653 _aDavis, Richard Harding, 1864-1916 -- Correspondence
700 1 _aDavis, Charles Belmont,
_d1866-1926
830 0 _aProject Gutenberg
_v405
856 4 0 _uhttp://www.gutenberg.org/ebooks/405
942 _cEB
999 _c229756
_d229756